Регионална библиотека "Любен Каравелов" - Русе

Народни празнични песни (Запис номер 342204)

MARC детайли
000 -Лидер
Контролно поле с фиксирана дължина nam a22 a 4500
003 - Код на организацията, давaща контролен номер
Контролно поле BLK
005 - Дата и час на последна редакция
Контролно поле 20210727135334.0
008 - Елементи от данни с фиксирана дължина
fixed length control field 180911b bul|||||r ||||||| ||bul||
010 ## - Наследен системен номер
LC control number 001843
040 ## - Източник на каталожния запис
Идентификатор на билиотеката - собственик на записа BLK
041 ## - Код за език
Код за езика на текст/звукозапис или на отделно заглавие Български
Код за езика КДБФ Български
080 ## - УДК
Текстов определител УДК Българска литература
УДК код - определител по УДК 821.163.2
УДК определител -1
УДК - код + определител 821.163.2-1
100 ## - Редна дума - Автор
Автор Осинин, Димитър
R(LIN) 583
Авторска отговорност избрал и наредил
139 ## - Редно поле
Редна дума Осинин, Димитър
245 00 - Сведения за заглавието
Заглавие Народни празнични песни
Редно поле (дума) Избрал и подредил Димитър Осинин ; С уводни бележки от Димитър Осинин
260 ## - Област на издателските данни
Място на издаване, разпространение и проч. София
Име на издателя, разпространителя и проч. Факел
Година на издаване 1937
Печатница София : Гутенберг
300 ## - Физическа характеристика
Страници 80 с
Размери/Мащаб 20 см
380 ## - Жанр
Жанр Худож. лит.
490 ## - СЕРИИ (Колекции)
Име на серия Библиотека Родна книга
9 (RLIN) 204451
№: серия Г. IV, № 1
490 ## - СЕРИИ (Колекции)
Име на серия Частна колекция - Академик Михаил Арнаудов
Бележки за серията Дарение - Основен фонд
500 ## - Общи забележки
Забележка Михаил Арнаудов: негови-книга. - Подчертавания в текста
650 ## - Допълнително описание по предмет – тема
Основно описание – тема или топоним Песни
9 (RLIN) 166108
650 ## - Допълнително описание по предмет – тема
Основно описание – тема или топоним Поезия
9 (RLIN) 166642
653 ## - Ключова дума – ненормативна
Ключова дума лирика
653 ## - Ключова дума – ненормативна
Ключова дума народни песни
655 ## - Ключова дума – жанр/разновидност
Данни за жанр/разновидност или ключова дума за фокус българска литература
700 ## - Други автори (авторска отговорност)
Лично име Осинин, Димитър
Автороска отговорност (Описва отношението между автора и произведението) уводни бел.
9 (RLIN) 1620
852 ## - Местоположение
Форматна сигнатура МА 2546
Фондова буква Фонд "Михаил Арнаудов"
852 ## - Местоположение
Форматна сигнатура Цб 8.200.12929
Фондова буква Хранилище
999 ## - СИСТЕМНИ КОНТРОЛНИ НОМЕРА
Koha biblionumber 342204
Koha biblioitemnumber 342204
942 ## - АРТИКУЛИ
Вид на библиотечния материал Книги
Скрит в OPAC Не
Периодичен библиозапис Да
944 ## - СЪЗДАВАНЕ И РЕДАКЦИЯ на ЗАПИСА
Създаване/Редакция Създаване
Дата на регистрацията/редакция 1997
Служител, извършил регистрацията/редакцията ValK
999 ## - СИСТЕМНИ КОНТРОЛНИ НОМЕРА
Koha biblioitemnumber 342204
999 ## - СИСТЕМНИ КОНТРОЛНИ НОМЕРА
Koha biblioitemnumber 342204
Наличности
Код за отписване Код за изгубен артикул Източник на класификационната схема Код за повреда Коз за рестрикции Код за отдаване Артикулен № Име на библиотеката - собственик Име на библиотеката, в която се намира в момента Статус (Текущо местоположение) Местоположение - отдел Цена в лева Номерация (Хронология) Инвентарен номер Систематично азбучна сигнатура Баркод Номер на екземпляра Цена в евро Служебен тип на артикула Дата на вписване в системата
  Не е изгубен Universal Decimal Classification Не е повреден без рестрикции Специални фондове ( старопечатни, редки и ценни, фонд М. Арнаудов) 742254 Регионална библиотека "Любен Каравелов" Русе Регионална библиотека "Любен Каравелов" Русе Фонд "Михаил Арнаудов" Фонд "Михаил Арнаудов" 10.00   589918 МА 2546 120000589918 1 5.11 Книги  
  Не е изгубен Universal Decimal Classification Не е повреден само за читалня ползва се в читалня 844905 Регионална библиотека "Любен Каравелов" Русе Регионална библиотека "Любен Каравелов" Русе Хранилище Основен фонд - ползва се само за читалня 0.06   12929 Цб 8.200.12929 900000071518   0.03 Книги 2021-07-28
Vip Innovations Ltd, Rousse, Bulgaria 2025